De la biotecnología a la clonación : ¿esperanza o amenaza? /

Esta es una obra colectiva sobre la biotecnología y su impacto en la vida del hombre y del planeta. Aborda los orígenes de esta tecnociencia, fundamentos teóricos, leyes, en particular en el contexto español, así como las consecuencias económicas, éticas y sociales de su aplicación.

Збережено в:
Бібліографічні деталі
Інші автори: Carrión Yagüe, Francisco (autor) (autor)
Формат: Книга
Мова:Іспанська
Опубліковано: Valencia, España : Diálogo, 2003, c2003
Серія:(Pensar Biología. Tábano; 9)
Предмети:
Теги: Додати тег
Немає тегів, Будьте першим, хто поставить тег для цього запису!

MARC

LEADER 00000nam^a2200000^a^4500
001 000153096
005 20250521000000.0
009 20260310100305.834
020 |a 84-95333-43-0 
037 |a Acervo ITESO - Biblioteca 
041 |a ESP 
082 |a 660. 6  |b BIO 
245 1 0 |a De la biotecnología a la clonación :  |b ¿esperanza o amenaza? /  |c Francisco Carrión Yagüe... [et al.]. 
264 4 |a Valencia, España :  |b Diálogo,  |c 2003, c2003 
300 |a 122 p. 
336 |a texto  |b txt  |2 rdacontenido 
337 |a sin mediación  |b n  |2 rdamedio 
338 |a volumen  |b nc  |2 rdasoporte 
440 1 |a (Pensar Biología.  |p Tábano;  |v 9) 
520 |a Esta es una obra colectiva sobre la biotecnología y su impacto en la vida del hombre y del planeta. Aborda los orígenes de esta tecnociencia, fundamentos teóricos, leyes, en particular en el contexto español, así como las consecuencias económicas, éticas y sociales de su aplicación. 
649 |a XX 
650 |a Biotecnología 
650 |a Genoma Humano 
650 |a Genética -  |x Historia 
650 |a Clonación 
650 |a Alimentos Transgénicos 
650 |a Ingeniería Genética 
650 |a Desarrollo Tecnológico 
650 |a Tecnología 
650 |a Desarrollo Económico-Social 
650 |a Ciencia -  |x Difusión 
650 |a Microbiología -  |x Historia 
650 |a Bioquímica -  |x Historia 
650 |a Biología Molecular -  |x Historia 
650 |a Ciencias Naturales 
650 |a Bioética 
700 |a Carrión Yagüe, Francisco  |e (autor) 
910 |a Fondo General 
920 |a Impresos - Libros 
930 |a Colección General 
905 |a 101 
901 |a 0500081553  |b IT1  |c ACC  |u 20250521 
902 |a https://opac.biblio.iteso.mx/vufind/Record/000153096